Law Commission report - bypassing the need for quicker possession (Record no. 74172)

MARC details
000 -LEADER
fixed length control field 01480cab a2200241 4500
001 - CONTROL NUMBER
control field ABS67533
008 - FIXED-LENGTH DATA ELEMENTS--GENERAL INFORMATION
fixed length control field 040226n2004 000 0 eng u
035 ## - SYSTEM CONTROL NUMBER
System control number (Sirsi) u125238
100 ## - MAIN ENTRY--PERSONAL NAME
Personal name Cutting, G.
245 ## - TITLE STATEMENT
Title Law Commission report - bypassing the need for quicker possession
260 ## - PUBLICATION, DISTRIBUTION, ETC.
Date of publication, distribution, etc. 2004
490 ## - SERIES STATEMENT
Series statement Residential Renting
Volume/sequential designation (25) February 2004, 14-17(4)
520 ## - SUMMARY, ETC.
Summary, etc. Examines critically the Law Commission report "Renting homes", concentrating on the major proposals affecting the private rented sector. Considers in detail the proposals for occupation agreements. These include the division into type I and II agreements, the four categories of terms, the further issues of inclusions and exclusions, size of the agreement, sanctions for non-provision of written agreements, abandonment and possession procedures. Concludes that reform is largely absent from the proposals relating to the private rented sector and that many of the recommendations are made primarily to promote simplicity, standardisation and flexibility. View "Renting homes" at www.lawcom.gov.uk.
590 ## - LOCAL NOTE (RLIN)
Local note ABS
650 ## - SUBJECT ADDED ENTRY--TOPICAL TERM
Topical term or geographic name entry element POSSESSION
650 ## - SUBJECT ADDED ENTRY--TOPICAL TERM
Topical term or geographic name entry element ABANDONMENT
650 ## - SUBJECT ADDED ENTRY--TOPICAL TERM
Topical term or geographic name entry element OCCUPATIONAL AGREEMENTS
650 ## - SUBJECT ADDED ENTRY--TOPICAL TERM
Topical term or geographic name entry element SOCIAL RENTED SECTOR
650 ## - SUBJECT ADDED ENTRY--TOPICAL TERM
Topical term or geographic name entry element RENTED HOUSING
690 ## - LOCAL SUBJECT ADDED ENTRY--TOPICAL TERM (OCLC, RLIN)
Topical term or geographic name as entry element PROPERTY-RESIDENTIAL PROPERTY-RESIDENTIAL LANDLORD AND TENANT-RESIDENTIAL TENANCIES
856 ## - ELECTRONIC LOCATION AND ACCESS
Uniform Resource Identifier <a href="https://www.lawcom.gov.uk/222.htm#lc284">https://www.lawcom.gov.uk/222.htm#lc284</a>
Public note View the report on the LawCommission website...
942 ## - ADDED ENTRY ELEMENTS (KOHA)
Suppress in OPAC 0
Holdings
Withdrawn status Lost status Source of classification or shelving scheme Damaged status Not for loan Home library Current library Shelving location Date acquired Total Checkouts Full call number Barcode Date last seen Copy number Price effective from Koha item type
    Dewey Decimal Classification     London London Journal article 26/02/2004   ABS67533 125238-1001 06/08/2019 1 06/08/2019 Journal article